[Event "Open de la Loire 2010-2011"]
[Site "Loire"]
[Date "2010.11.06"]
[Round "2.15"]
[White "Choquelle, Jean"]
[Black "Brachet, Gerard"]
[Result "0-1"]
[WhiteElo "1110"]
[BlackElo "1460"]
[PlyCount "44"]
[EventDate "2010.??.??"]

1. e4 e5 2. Nc3 Nf6 3. Nf3 d6 4. d4 exd4 5. Qxd4 c5 6. Qd3 g6 7. Be2 Bg7 8. Bd2
O-O 9. O-O-O Qb6 10. h3 Nc6 11. Kb1 Be6 12. Bf4 Rad8 13. Na4 Qa5 14. b3 Nb4 15.
Qd2 Nxe4 16. Qe3 d5 17. c3 Nxc3+ 18. Nxc3 Bf5+ 19. Kb2 d4 20. Nxd4 cxd4 21.
Rxd4 Bxd4 22. Qf3 Qxa2+ 0-1

[Event "Open de la Loire 2010-2011"]
[Site "Loire"]
[Date "2010.11.06"]
[Round "2.16"]
[White "Rasle, Corentin"]
[Black "Marie, Michel"]
[Result "1-0"]
[WhiteElo "1460"]
[BlackElo "1100"]
[PlyCount "43"]
[EventDate "2010.??.??"]

1. d4 d5 2. c4 Bf5 3. Nc3 e6 4. Nf3 h6 5. Bf4 f6 6. Qb3 b6 7. cxd5 e5 8. dxe5
g5 9. Bg3 g4 10. Nd4 fxe5 11. Nxf5 a5 12. e4 Bb4 13. Bb5+ Kf7 14. d6+ Kf6 15.
Bh4+ Kg6 16. Qe6+ Nf6 17. Bxf6 Qxf6 18. Ne7+ Kg5 19. h4+ Kh5 20. Qxf6 Rg8 21.
Qf5+ Rg5 22. hxg5# 1-0

[Event "Open de la Loire 2010-2011"]
[Site "Loire"]
[Date "2010.11.06"]
[Round "2.17"]
[White "Megnot, Philippe"]
[Black "Victoria, Philippe"]
[Result "1-0"]
[WhiteElo "1440"]
[BlackElo "1040"]
[PlyCount "57"]
[EventDate "2010.??.??"]

1. d4 g6 2. c4 Nf6 3. Nf3 Bg7 4. Bf4 O-O 5. e3 d6 6. Be2 Ne4 7. O-O c5 8. Nbd2
Bf5 9. Nxe4 Bxe4 10. Bg5 Nc6 11. a3 h6 12. Bh4 g5 13. Bg3 e5 14. d5 Na5 15. b4
cxb4 16. axb4 Nxc4 17. Bxc4 Qc7 18. Nd2 b5 19. Bb3 Qb7 20. Nxe4 Qd7 21. Qd3 f5
22. Nd2 e4 23. Qb1 Bxa1 24. Qxa1 Qc7 25. Rc1 Qf7 26. Bxd6 f4 27. Bxf8 Rxf8 28.
d6 fxe3 29. Bxf7+ 1-0

[Event "Open de la Loire 2010-2011"]
[Site "Loire"]
[Date "2010.12.18"]
[Round "3.1"]
[White "Longueville, Thomas"]
[Black "Moleins, Jean-Pierre"]
[Result "1-0"]
[WhiteElo "1788"]
[BlackElo "1590"]
[PlyCount "55"]
[EventDate "2010.??.??"]

1. Nf3 b6 2. g3 Bb7 3. Bg2 Nc6 4. O-O Nf6 5. d3 e6 6. e4 d6 7. Qe2 Qd7 8. e5
Ng4 9. d4 h5 10. h4 O-O-O 11. c4 dxe5 12. dxe5 Nd4 13. Nxd4 Qxd4 14. Bxb7+ Kxb7
15. Bf4 Bc5 16. Nc3 Qd7 17. Rad1 Qe7 18. Qf3+ Kb8 19. Ne4 f6 20. exf6 gxf6 21.
a3 e5 22. Bd2 Rdf8 23. b4 Bd4 24. Qf5 Bb2 25. f3 Bd4+ 26. Kg2 Be3 27. fxg4 hxg4
28. Bxe3 1-0

[Event "Open de la Loire 2010-2011"]
[Site "Loire"]
[Date "2010.12.18"]
[Round "3.2"]
[White "Desassis, Jean-Francois"]
[Black "Walter, Alain"]
[Result "1/2-1/2"]
[WhiteElo "1570"]
[BlackElo "1750"]
[PlyCount "55"]
[EventDate "2010.??.??"]

1. d4 d5 2. Nf3 Nf6 3. Bg5 e6 4. e3 Be7 5. Bxf6 Bxf6 6. Bd3 O-O 7. Nbd2 g6 8.
Ne5 Nd7 9. Ndf3 Nxe5 10. Nxe5 c5 11. c4 cxd4 12. exd4 dxc4 13. Bxc4 Qa5+ 14.
Qd2 Qxd2+ 15. Kxd2 Rd8 16. Ke3 b6 17. Rad1 Bb7 18. f3 Rac8 19. Bd3 Rd6 20. Be4
Bd5 21. Rc1 Rcd8 22. Rc7 Bxe5 23. dxe5 R6d7 24. Rxd7 Rxd7 25. Rd1 Kf8 26. Bxd5
exd5 27. Kd4 Ke7 28. Rc1 $11 1/2-1/2

[Event "Open de la Loire 2010-2011"]
[Site "Loire"]
[Date "2010.12.18"]
[Round "3.3"]
[White "Buisine, Roman"]
[Black "Joly, Christian"]
[Result "1-0"]
[WhiteElo "1740"]
[BlackElo "1500"]
[PlyCount "79"]
[EventDate "2010.??.??"]

1. e4 d6 2. d4 Nf6 3. Nc3 g6 4. Bf4 Bg7 5. Nf3 O-O 6. Bd3 Bg4 7. h3 Bxf3 8.
Qxf3 c6 9. O-O-O Nbd7 10. g4 e5 11. Be3 c5 12. d5 a6 13. Qg3 b5 14. Qg2 Qc7 15.
f4 exf4 16. Bxf4 Ne5 17. Bxe5 dxe5 18. Be2 Qd6 19. g5 Nh5 20. Bxh5 gxh5 21. Qf3
Qg6 22. Rhg1 Kh8 23. d6 Rad8 24. d7 f5 25. gxf6 Qh6+ 26. Kb1 Rxf6 27. Qd3 Rf7
28. Qd5 Re7 29. Qb7 Qe6 30. Qc7 Qg8 31. Rd6 Qf8 32. Rgd1 Rf7 33. Rxa6 Qe7 34.
Ra8 Rxa8 35. d8=Q+ Rxd8 36. Qxd8+ Qxd8 37. Rxd8+ Rf8 38. Rxf8+ Bxf8 39. Nxb5
Kg7 40. a4 1-0

[Event "Open de la Loire 2010-2011"]
[Site "Loire"]
[Date "2010.12.18"]
[Round "3.4"]
[White "Benakila, Samir"]
[Black "Febvret, Olivier"]
[Result "0-1"]
[WhiteElo "1499"]
[BlackElo "1499"]
[PlyCount "78"]
[EventDate "2010.??.??"]

1. e4 e5 2. Nf3 Nc6 3. Bb5 a6 4. Ba4 Nf6 5. d3 Bc5 6. O-O d6 7. c4 Bg4 8. Bxc6+
bxc6 9. Nbd2 O-O 10. Qa4 Bd7 11. b4 Bb6 12. Rb1 c5 13. Qd1 cxb4 14. Rxb4 Rb8
15. a3 a5 16. Rb1 Ng4 17. h3 Nxf2 18. Rxf2 Bxf2+ 19. Kxf2 Rxb1 20. Nxb1 f5 21.
Bg5 Qb8 22. Kg1 fxe4 23. dxe4 Qb6+ 24. Kh2 Qf2 25. Bh4 Qa2 26. Qd5+ Kh8 27.
Nbd2 Qxa3 28. Ng5 h6 29. Nf7+ Kh7 30. Nf3 Qc5 31. Qxc5 dxc5 32. N3xe5 Be8 33.
Be7 Rxf7 34. Nxf7 Bxf7 35. Bxc5 Bxc4 36. Kg3 Kg6 37. Kf4 Bf1 38. Kg4 Bxg2 39.
h4 Kf6 0-1

[Event "Open de la Loire 2010-2011"]
[Site "Loire"]
[Date "2010.12.18"]
[Round "3.5"]
[White "Ben Habchi, Nordine"]
[Black "Boeuf, Jeremy"]
[Result "1-0"]
[WhiteElo "1490"]
[BlackElo "1180"]
[PlyCount "92"]
[EventDate "2010.??.??"]

1. e4 d5 2. Nc3 d4 3. Nce2 e5 4. Nf3 Nc6 5. d3 Bb4+ 6. Bd2 Bxd2+ 7. Nxd2 Nf6 8.
g3 O-O 9. Nf3 Bg4 10. Bg2 h6 11. O-O Qd7 12. c4 Bh3 13. Nh4 g6 14. Qd2 Kg7 15.
f4 Bxg2 16. Nxg2 exf4 17. Rxf4 Nh5 18. Rh4 Rh8 19. Rxh5 gxh5 20. Nef4 Qg4 21.
Nh4 Ne5 22. Rf1 c5 23. Nf5+ Kf8 24. Ne6+ fxe6 25. Nxh6+ Ke7 26. Nxg4 hxg4 27.
Qg5+ Kd6 28. a3 Nf3+ 29. Rxf3 gxf3 30. e5+ Kc6 31. Qe7 Rad8 32. b4 f2+ 33. Kf1
a6 34. Qxc5+ Kd7 35. Qd6+ Kc8 36. Qxe6+ Kb8 37. b5 Rhe8 38. Qb6 axb5 39. cxb5
Kc8 40. e6 Rh8 41. h4 Rdg8 42. Kxf2 Kb8 43. a4 Rc8 44. Qd6+ Ka8 45. b6 Rc2+ 46.
Kf3 Rf8+ 1-0

0

[Event "Open de la Loire 2010-2011"]
[Site "Loire"]
[Date "2010.12.18"]
[Round "3.6"]
[White "Megnot, Philippe"]
[Black "Carteron, Olivier"]
[Result "0-1"]
[WhiteElo "1440"]
[BlackElo "1630"]
[PlyCount "70"]
[EventDate "2010.??.??"]

1. d4 d5 2. Nf3 Nf6 3. Bf4 c6 4. Nbd2 Bf5 5. e3 e6 6. a3 Bd6 7. Bxd6 Qxd6 8.
Be2 O-O 9. O-O c5 10. c4 cxd4 11. exd4 dxc4 12. Nxc4 Qd5 13. Ne3 Qe4 14. Rc1
Nc6 15. Rc3 Rfd8 16. Bd3 Qf4 17. Bxf5 exf5 18. d5 Ne5 19. Nxe5 Qxe5 20. f4 Qe4
21. Rd3 Rd6 22. Qb3 Rad8 23. Re1 Qxf4 24. Qxb7 R6d7 25. Qb4 Ne4 26. Rf1 Qc7 27.
Nxf5 Nf6 28. d6 Qc2 29. Rfd1 Qe2 30. h3 Ne4 31. Qb3 Qf2+ 32. Kh1 Qxf5 33. Rf3
Qe6 34. Qxe6 fxe6 35. Re3 Nf2+ 0-1

[Event "Open de la Loire 2010-2011"]
[Site "Loire"]
[Date "2010.12.18"]
[Round "3.7"]
[White "Mialon, Franck"]
[Black "Piper, Stephane"]
[Result "0-1"]
[WhiteElo "1440"]
[BlackElo "1499"]
[PlyCount "62"]
[EventDate "2010.??.??"]

1. e4 e5 2. f4 exf4 3. Nf3 Nc6 4. Bc4 Be7 5. O-O b6 6. d4 Nf6 7. e5 Ng8 8. Bxf4
d6 9. Bb5 Bd7 10. exd6 Bxd6 11. Re1+ Kf8 12. Bxd6+ cxd6 13. d5 Nb4 14. Bxd7
Qxd7 15. Na3 Nf6 16. Qd4 Nbxd5 17. c4 Nb4 18. Re2 Rc8 19. Rae1 Nxa2 20. Re7
Qxe7 21. Rxe7 Kxe7 22. Nb5 Rhd8 23. Nh4 Kf8 24. Nxa7 Ra8 25. Qxb6 Rab8 26. Qa6
Ra8 27. Qb6 d5 28. Nf5 dxc4 29. Qc5+ Kg8 30. Nc6 Rd3 31. Kf2 Ne4+ 0-1

[Event "Open de la Loire 2010-2011"]
[Site "Loire"]
[Date "2010.12.18"]
[Round "3.8"]
[White "Doran, Niall"]
[Black "Liogier, Pascal"]
[Result "1-0"]
[WhiteElo "1480"]
[BlackElo "1450"]
[PlyCount "65"]
[EventDate "2010.??.??"]

1. e4 c5 2. c3 Nc6 3. d4 e6 4. Nf3 h6 5. Be2 Nf6 6. e5 Ne4 7. Nbd2 Ng5 8. O-O
d5 9. Nxg5 hxg5 10. Nb3 c4 11. Nd2 Be7 12. f4 gxf4 13. Rxf4 Bg5 14. Rg4 Bd7 15.
Nxc4 dxc4 16. Rxg5 b5 17. Rxg7 Qh4 18. h3 Ne7 19. Bg5 Qg3 20. Bxe7 Qxg7 21. Bf6
Qg8 22. Bxh8 Qxh8 23. Bg4 Bc6 24. Bf3 Bd5 25. Bxd5 exd5 26. Qf3 Rd8 27. a4 bxa4
28. Rxa4 Rd7 29. Rb4 Qh4 30. Rb5 Qd8 31. Qh5 Qe7 32. Qh8+ Qf8 33. Rb8+ 1-0

[Event "Open de la Loire 2010-2011"]
[Site "Loire"]
[Date "2010.12.18"]
[Round "3.9"]
[White "Jandeau, Cyril"]
[Black "Allabrune, Guillaume"]
[Result "1-0"]
[WhiteElo "1420"]
[BlackElo "1460"]
[PlyCount "84"]
[EventDate "2010.??.??"]

1. e4 e5 2. Nf3 Nc6 3. d4 exd4 4. Nxd4 Bc5 5. Be3 Qf6 6. c3 Nge7 7. f4 Nxd4 8.
cxd4 Bb4+ 9. Nc3 Qc6 10. Qd3 d5 11. e5 Bf5 12. Qd2 Be4 13. a3 Bxc3 14. bxc3 Nf5
15. Qb2 b6 16. Kd2 O-O 17. Rg1 Nh4 18. Bf2 Ng6 19. g3 Rab8 20. Bg2 Bf5 21. Bf3
Qa4 22. Bxd5 Ne7 23. Bb3 Qb5 24. c4 Qa5+ 25. Qc3 Qxc3+ 26. Kxc3 b5 27. g4 Be4
28. Rae1 bxc4 29. Bxc4 Bd5 30. Rb1 a5 31. f5 f6 32. Rge1 Kh8 33. exf6 Rxb1 34.
fxg7+ Kxg7 35. Rxb1 Bf3 36. Re1 Nc6 37. d5 Nd8 38. Bd4+ Kh6 39. Re7 Rf7 40. d6
cxd6 41. Bxf7 Bxg4 42. Rd7 Nc6 1-0

xg4 42. Rd7 Nc6 1-0

2. Rd7 Nc6 1-0

[Event "Open de la Loire 2010-2011"]
[Site "Loire"]
[Date "2010.12.18"]
[Round "3.10"]
[White "Brachet, Gerard"]
[Black "Martin, Julien"]
[Result "0-1"]
[WhiteElo "1460"]
[BlackElo "1410"]
[PlyCount "58"]
[EventDate "2010.??.??"]

1. d4 d5 2. Nf3 Nc6 3. e3 Nf6 4. c4 e6 5. a3 dxc4 6. Bxc4 Bd6 7. Nc3 O-O 8. O-O
e5 9. b4 e4 10. Ng5 Bg4 11. Qb3 Nh5 12. Nxf7 Bxh2+ 13. Kxh2 Qh4+ 14. Kg1 Nf6
15. g3 Qh5 16. Ng5+ Kh8 17. Ncxe4 Nxe4 18. Be6 Nxg5 19. Bxg4 Qxg4 20. Qd5 Nf3+
21. Kg2 Rf5 22. Qe6 Nh4+ 23. Kh2 Rxf2+ 24. Rxf2 Qxe6 25. gxh4 Qg4 26. Rf4 Qe2+
27. Kg3 Ne7 28. Rb1 Ng6 29. Rf7 Qe1+ 0-1

[Event "Open de la Loire 2010-2011"]
[Site "Loire"]
[Date "2010.12.18"]
[Round "3.11"]
[White "Volay, Pascal"]
[Black "Swietlicki, Jordan"]
[Result "0-1"]
[WhiteElo "1570"]
[BlackElo "1340"]
[PlyCount "88"]
[EventDate "2010.??.??"]

1. e4 e5 2. Nf3 Nc6 3. Bb5 d6 4. Bxc6+ bxc6 5. O-O Nf6 6. d3 Be7 7. h3 O-O 8.
Re1 Rb8 9. d4 exd4 10. Nxd4 Qd7 11. b3 c5 12. Nf5 Bb7 13. Nc3 d5 14. Nxe7+ Qxe7
15. exd5 Qd6 16. Bb2 c6 17. dxc6 Qxc6 18. f3 Rfd8 19. Qe2 Nh5 20. Rad1 Rxd1 21.
Rxd1 c4 22. Qxc4 Qb6+ 23. Qd4 Qxd4+ 24. Rxd4 g5 25. Bc1 Rc8 26. Bd2 h6 27. Be3
Ba6 28. Rd6 Rxc3 29. Rxa6 Rxe3 30. Rxa7 Rc3 31. Ra6 Kg7 32. g4 Nf4 33. Kh2 Rxf3
34. Rc6 Rxh3+ 35. Kg1 Rg3+ 36. Kf2 Rxg4 37. a4 Nd5 38. Rc4 Rxc4 39. bxc4 Nb6
40. a5 Nc8 41. a6 Kf6 42. Ke3 Ke5 43. c3 f5 44. c5 Kd5 0-1

[Event "Open de la Loire 2010-2011"]
[Site "Loire"]
[Date "2010.12.18"]
[Round "3.12"]
[White "Mazet, Christian"]
[Black "Barrandon, Georges"]
[Result "1-0"]
[WhiteElo "1570"]
[BlackElo "1499"]
[PlyCount "59"]
[EventDate "2010.??.??"]

1. d4 d5 2. c4 Nf6 3. Nc3 Nc6 4. cxd5 Nxd5 5. e4 Nf6 6. Bb5 Bd7 7. Nge2 a6 8.
Bd3 e5 9. Bc2 Bb4 10. O-O O-O 11. Bg5 Be7 12. Rc1 Nxe4 13. Bxe7 Nxc3 14. Nxc3
Qxe7 15. Qd3 g6 16. Nd5 Qe6 17. dxe5 Nxe5 18. Qb3 Bc6 19. Be4 Kg7 20. Rfd1 f5
21. Nf4 Qf6 22. Ne6+ Kh8 23. Bxc6 bxc6 24. Nxf8 Qxf8 25. f4 Ng4 26. Rd7 Rb8 27.
Qc3+ Nf6 28. Rcd1 Kg8 29. Qc4+ Kh8 30. Rf7 1-0

[Event "Open de la Loire 2010-2011"]
[Site "Loire"]
[Date "2010.12.18"]
[Round "3.13"]
[White "Boeuf, Jean-Julien"]
[Black "Trottet, Francois"]
[Result "0-1"]
[WhiteElo "1420"]
[BlackElo "1530"]
[PlyCount "80"]
[EventDate "2010.??.??"]

1. e4 c5 2. c3 Nc6 3. d4 cxd4 4. cxd4 a6 5. Nf3 e6 6. Bd3 d5 7. e5 Bb4+ 8. Bd2
Nge7 9. O-O O-O 10. a3 Bxd2 11. Nbxd2 h6 12. Re1 Nf5 13. Bxf5 exf5 14. Nf1 Qb6
15. Rb1 Bd7 16. Qd2 Na5 17. Ne3 Be6 18. Qd3 f4 19. b4 fxe3 20. bxa5 exf2+ 21.
Kxf2 Qc7 22. Rec1 Qd7 23. Qc2 Bf5 24. Rxb7 Qxb7 25. Qxf5 Qb2+ 26. Rc2 Qxa3 27.
Rc5 Qa2+ 28. Kg3 g6 29. Qd7 Rad8 30. e6 Rxd7 31. exd7 Rd8 32. Rc8 Rxc8 33.
dxc8=Q+ Kh7 34. Ne5 Qa3+ 35. Kf4 Qe7 36. Nc6 Qe4+ 37. Kg3 Qe3+ 38. Kh4 g5+ 39.
Kh5 Kg7 40. Qd8 Qe2+ 0-1

[Event "Open de la Loire 2010-2011"]
[Site "Loire"]
[Date "2010.12.18"]
[Round "3.14"]
[White "Duffy, Claudine"]
[Black "Crespy, Djamila"]
[Result "1-0"]
[WhiteElo "1499"]
[BlackElo "1299"]
[PlyCount "31"]
[EventDate "2010.??.??"]

1. e4 e5 2. Nf3 d6 3. Bc4 Nf6 4. Nc3 c6 5. d3 b5 6. Bb3 Nbd7 7. Be3 Qa5 8. Qd2
b4 9. Ne2 d5 10. Ng5 dxe4 11. dxe4 Bc5 12. Nf3 O-O 13. O-O Nxe4 14. Qd3 Ng5 15.
Nxg5 Be7 16. Qxh7# 1-0

[Event "Open de la Loire 2010-2011"]
[Site "Loire"]
[Date "2010.12.18"]
[Round "3.15"]
[White "Dugelay, Alain"]
[Black "Choquelle, Jean"]
[Result "0-1"]
[WhiteElo "1499"]
[BlackElo "1110"]
[PlyCount "64"]
[EventDate "2010.??.??"]

1. e4 Nc6 2. Nf3 Nf6 3. Bd3 e5 4. O-O Bc5 5. Nc3 O-O 6. b3 a6 7. Re1 Ng4 8.
Nxe5 Ncxe5 9. h3 Nf6 10. a3 d6 11. b4 Ba7 12. b5 Bc5 13. bxa6 bxa6 14. Na4 Nfg4
15. Nxc5 Qg5 16. hxg4 Nxg4 17. f3 Ne5 18. f4 Qxf4 19. Rf1 Qh4 20. Qe1 Qh6 21.
c3 Ng4 22. Rf2 Qh2+ 23. Kf1 dxc5 24. Be2 Ne5 25. Rf5 Qh1+ 26. Kf2 Qh4+ 27. g3
Qh2+ 28. Ke3 Qh6+ 29. Kf2 Bxf5 30. d3 Qh2+ 31. Ke3 Qh6+ 32. Kf2 Qh2+ 0-1

[Event "Open de la Loire 2010-2011"]
[Site "Loire"]
[Date "2010.12.18"]
[Round "3.16"]
[White "Marie, Michel"]
[Black "Peyssonneaux, Norbert"]
[Result "0-1"]
[WhiteElo "1100"]
[BlackElo "1499"]
[PlyCount "132"]
[EventDate "2010.??.??"]

1. e4 e5 2. Bc4 Nf6 3. Nc3 Nxe4 4. Qf3 Nf6 5. d3 Bb4 6. Nge2 O-O 7. O-O d6 8.
h3 Nc6 9. Nd5 Nxd5 10. Bxd5 Ne7 11. a3 c6 12. Bb3 Ba5 13. Bg5 Be6 14. Qg3 Kh8
15. Qh4 Re8 16. Bxe6 fxe6 17. b4 Bb6 18. c4 Qd7 19. Rac1 Nf5 20. Qe4 Rf8 21. c5
Bd8 22. Bd2 Bf6 23. f4 d5 24. Qf3 Rf7 25. g4 Nh4 26. Qe3 d4 27. Qe4 Raf8 28.
fxe5 Bd8 29. Nf4 g5 30. Nh5 Nf3+ 31. Kg2 Nxd2 32. Rxf7 Qxf7 33. Qe2 Qf3+ 34.
Qxf3 Nxf3 35. Rf1 Nh4+ 36. Kg1 Rxf1+ 37. Kxf1 Nf3 38. Ke2 Nxe5 39. Ng3 Ng6 40.
Ne4 Nf4+ 41. Kf3 Nxd3 42. Nd6 Bf6 43. Nxb7 Ne5+ 44. Ke2 Kg8 45. Nd6 Kf8 46. Ne4
Be7 47. Nd2 Nd7 48. Nb3 e5 49. Na5 Nb8 50. Kd3 Ke8 51. Nc4 Bf6 52. Nd6+ Kd7 53.
Ne4 Ke6 54. Ng3 Kd5 55. Ne4 Bg7 56. Nxg5 h6 57. Nf7 e4+ 58. Ke2 d3+ 59. Ke3 Kc4
60. Nd6+ Kd5 61. Nxe4 Kc4 62. Kd2 Kb3 63. Kxd3 Kxa3 64. Kc4 Na6 65. b5 cxb5+
66. Kxb5 Nc7+ 0-1

[Event "Open de la Loire 2010-2011"]
[Site "Loire"]
[Date "2010.12.18"]
[Round "3.17"]
[White "Richard, Nicolas"]
[Black "Crespy, Killian"]
[Result "1-0"]
[WhiteElo "1350"]
[BlackElo "1010"]
[PlyCount "67"]
[EventDate "2010.??.??"]

1. e4 e5 2. Nf3 Nc6 3. d4 f6 4. d5 Nce7 5. Nc3 Ng6 6. Bc4 c6 7. dxc6 bxc6 8.
Be3 Bd6 9. Qxd6 Qe7 10. Qxe7+ N8xe7 11. O-O-O f5 12. exf5 d5 13. fxg6 dxc4 14.
gxh7 Rxh7 15. Nxe5 Rb8 16. Bxa7 Rb7 17. Be3 Be6 18. Rd6 Rh6 19. Bxh6 Nd5 20.
Rxe6+ Re7 21. Rxe7+ Nxe7 22. Bxg7 Kd8 23. Rd1+ Ke8 24. Rd4 Nd5 25. Nxd5 cxd5
26. Rxd5 Ke7 27. Ra5 Ke6 28. Nxc4 Kd7 29. h4 Kc6 30. h5 Kd7 31. h6 Kc6 32. h7
Kd7 33. h8=Q Kc6 34. Qc8# 1-0

[Event "Open de la Loire 2010-2011"]
[Site "Loire"]
[Date "2010.12.18"]
[Round "3.18"]
[White "Victoria, Philippe"]
[Black "D'Elia, Stephane"]
[Result "0-1"]
[WhiteElo "1040"]
[BlackElo "1330"]
[PlyCount "54"]
[EventDate "2010.??.??"]

1. e4 e5 2. Nf3 Nc6 3. Bb5 Nd4 4. Nxd4 exd4 5. c3 c6 6. Bd3 Bc5 7. O-O Nf6 8.
e5 Nd5 9. cxd4 Bxd4 10. Nc3 Nb4 11. Bc2 Nxc2 12. Qxc2 O-O 13. Qe4 Qb6 14. d3
Re8 15. Bf4 d6 16. e6 Rxe6 17. Qf3 d5 18. Rfe1 Qxb2 19. Na4 Qa3 20. Qd1 Bxa1
21. Qxa1 Qxa4 22. Be5 f6 23. Bc3 Rxe1+ 24. Bxe1 Bf5 25. d4 Re8 26. Bc3 Qc2 27.
h3 Re2 0-1

[Event "Open de la Loire 2010-2011"]
[Site "Loire"]
[Date "2010.12.18"]
[Round "4.1"]
[White "Buisine, Roman"]
[Black "Longueville, Thomas"]
[Result "1-0"]
[WhiteElo "1740"]
[BlackElo "1788"]
[PlyCount "57"]
[EventDate "2010.??.??"]

1. e4 g6 2. d4 d6 3. c4 Nf6 4. Nc3 Bg7 5. Nf3 O-O 6. Be3 e5 7. dxe5 dxe5 8. Bd3
Qe7 9. O-O c6 10. Qb3 Nh5 11. Na4 b6 12. Rad1 Kh8 13. Rd2 f5 14. exf5 gxf5 15.
Bg5 Qf7 16. Be2 h6 17. Bh4 Nf4 18. Qe3 Nxe2+ 19. Qxe2 e4 20. Nd4 c5 21. Nb5 Be6
22. Nd6 Qg8 23. Be7 Re8 24. Nxe8 Bxc4 25. Qh5 Bxf1 26. Nxg7 Qxg7 27. Rd8+ Kh7
28. Qxf5+ Qg6 29. Rh8+ 1-0

[Event "Open de la Loire 2010-2011"]
[Site "Loire"]
[Date "2010.12.18"]
[Round "4.2"]
[White "Walter, Alain"]
[Black "Piper, Stephane"]
[Result "1-0"]
[WhiteElo "1750"]
[BlackElo "1499"]
[PlyCount "45"]
[EventDate "2010.??.??"]

1. d4 d5 2. Nf3 Nf6 3. e3 Nc6 4. c4 dxc4 5. Bxc4 Bd7 6. O-O e6 7. Nc3 Bd6 8.
Re1 O-O 9. e4 Qe7 10. e5 Ng4 11. exd6 Qxd6 12. h3 Nf6 13. Bg5 Qb4 14. Bd3 Qxb2
15. Bxf6 gxf6 16. Ne4 Kg7 17. Nh4 Nxd4 18. Qg4+ Kh8 19. Nxf6 Bc6 20. Qh5 Ne2+
21. Rxe2 Qxa1+ 22. Kh2 Qxf6 23. Qxh7# 1-0

[Event "Open de la Loire 2010-2011"]
[Site "Loire"]
[Date "2010.12.18"]
[Round "4.3"]
[White "Moleins, Jean-Pierre"]
[Black "Desassis, Jean-Francois"]
[Result "1-0"]
[WhiteElo "1590"]
[BlackElo "1570"]
[PlyCount "53"]
[EventDate "2010.??.??"]

1. e4 c5 2. Nf3 Nf6 3. d3 Nc6 4. c3 Qa5 5. Bd2 Qb6 6. Qc2 g6 7. Na3 Bg7 8. Nc4
Qc7 9. e5 Ng4 10. d4 cxd4 11. cxd4 O-O 12. Bf4 Nd8 13. h3 b5 14. hxg4 bxc4 15.
Bxc4 Kh8 16. b3 Ne6 17. Bg3 Bb7 18. O-O-O Rac8 19. d5 Nd8 20. e6 d6 21. exf7
Nxf7 22. Qxg6 h6 23. g5 Bxd5 24. Rxd5 Qc6 25. gxh6 Bxh6+ 26. Rxh6+ Nxh6 27.
Qxh6+ 1-0

[Event "Open de la Loire 2010-2011"]
[Site "Loire"]
[Date "2010.12.18"]
[Round "4.4"]
[White "Carteron, Olivier"]
[Black "Doran, Niall"]
[Result "1/2-1/2"]
[WhiteElo "1630"]
[BlackElo "1480"]
[PlyCount "107"]
[EventDate "2010.??.??"]

1. e4 e6 2. d4 d5 3. e5 c5 4. c3 Qb6 5. dxc5 Bxc5 6. Qe2 Nc6 7. Nf3 Bd7 8. b4
Bxb4 9. cxb4 Nxb4 10. Qb2 Rc8 11. Nc3 d4 12. Ne4 Nc2+ 13. Kd1 Nxa1 14. Nd6+ Kf8
15. Qxb6 Ba4+ 16. Qb3 Bxb3+ 17. axb3 Rc7 18. Ba3 Ne7 19. Bc4 a6 20. Kd2 Nxb3+
21. Bxb3 h6 22. Rc1 Rxc1 23. Kxc1 b5 24. Nc8 a5 25. Bd6 Ke8 26. Nxe7 Kd7 27.
Nxd4 f6 28. f4 fxe5 29. fxe5 Rf8 30. Nf3 a4 31. Bxa4 bxa4 32. Kb2 Rf4 33. Ka3
g5 34. h3 g4 35. hxg4 Rxg4 36. Ne1 Re4 37. Nf3 Rg4 38. Bb4 Rxg2 39. Kxa4 Rg4
40. Kb5 Rxb4+ 41. Kxb4 Kxe7 42. Kc5 Kd7 43. Nh4 Kc7 44. Kd4 Kc6 45. Ke4 Kc5 46.
Ng6 Kc6 47. Kf4 Kd5 48. Kg4 Ke4 49. Kh5 Kf5 50. Kxh6 Kg4 51. Kg7 Kg5 52. Kf7
Kf5 53. Ne7+ Kxe5 54. Ng6+ 1/2-1/2

[Event "Open de la Loire 2010-2011"]
[Site "Loire"]
[Date "2010.12.18"]
[Round "4.5"]
[White "Joly, Christian"]
[Black "Jandeau, Cyril"]
[Result "1-0"]
[WhiteElo "1500"]
[BlackElo "1420"]
[PlyCount "79"]
[EventDate "2010.??.??"]

1. d4 f5 2. Nf3 e6 3. c4 c6 4. e3 Nf6 5. Bd3 d5 6. c5 Nbd7 7. b4 b6 8. Bb2 Rb8
9. Qc2 bxc5 10. bxc5 Ne4 11. Nc3 Qa5 12. O-O Ndf6 13. Ne5 Qc7 14. Rab1 Be7 15.
Qa4 Bd7 16. f3 Nd2 17. Qc2 Nxb1 18. Nxb1 O-O 19. Nd2 a5 20. e4 g6 21. Re1 Bc8
22. Ba1 Qa7 23. Nxc6 Qc7 24. Nxb8 Qxb8 25. exf5 gxf5 26. Bxf5 exf5 27. Rxe7 Re8
28. Rxe8+ Nxe8 29. Qa4 Nf6 30. Qxa5 Qf4 31. Qd8+ Kg7 32. Qe7+ Kg6 33. Bc3 Qh4
34. Qe5 Nd7 35. Qg3+ Qxg3 36. hxg3 Bb7 37. f4 Bc6 38. Nf3 Kh5 39. Ne5 Nxe5 40.
fxe5 1-0

[Event "Open de la Loire 2010-2011"]
[Site "Loire"]
[Date "2010.12.18"]
[Round "4.6"]
[White "Febvret, Olivier"]
[Black "Swietlicki, Jordan"]
[Result "1-0"]
[WhiteElo "1499"]
[BlackElo "1340"]
[PlyCount "115"]
[EventDate "2010.??.??"]

1. e4 e5 2. Nf3 d6 3. d4 exd4 4. Nxd4 Be7 5. Bc4 Nf6 6. Nc3 Bd7 7. O-O O-O 8.
Re1 c5 9. Nf3 Nc6 10. e5 Nxe5 11. Nxe5 dxe5 12. Rxe5 b5 13. Nxb5 Bxb5 14. Qxd8
Raxd8 15. Bxb5 Bd6 16. Re1 Ng4 17. g3 Ne5 18. Kg2 c4 19. Bf4 f6 20. Bxe5 fxe5
21. Bxc4+ Kh8 22. Bd3 Rfe8 23. Re4 g6 24. Rae1 Rb8 25. b3 a5 26. R1e2 Kg7 27.
Ra4 Bb4 28. a3 Bc3 29. Rc4 Bb2 30. a4 Ba3 31. Rc7+ Kh6 32. Ra7 Bb4 33. Rd7 Bc3
34. Rc7 Bd4 35. Rd7 Bc3 36. Rd5 Re7 37. Rc5 Bb4 38. Rcxe5 Rxe5 39. Rxe5 Rc8 40.
h3 Kg7 41. Re4 h6 42. Rc4 Rd8 43. Rc7+ Kf6 44. Rc6+ Kg7 45. Rxg6+ Kf7 46. Rxh6
Bc5 47. Rh5 Bb6 48. Rb5 Rd6 49. h4 Rf6 50. Rf5 Rxf5 51. Bxf5 Bd4 52. Bd3 Ke7
53. f4 Bc3 54. Kf3 Bd4 55. g4 Bf6 56. g5 Bb2 57. Ke4 Bc3 58. h5 1-0

[Event "Open de la Loire 2010-2011"]
[Site "Loire"]
[Date "2010.12.18"]
[Round "4.7"]
[White "Martin, Julien"]
[Black "Ben Habchi, Nordine"]
[Result "0-1"]
[WhiteElo "1410"]
[BlackElo "1490"]
[PlyCount "50"]
[EventDate "2010.??.??"]

1. e4 c6 2. d4 d5 3. exd5 cxd5 4. Nf3 Bg4 5. Be2 Nc6 6. O-O Nf6 7. Nc3 e6 8.
Nb5 a6 9. Nc3 Bd6 10. g3 O-O 11. Ne1 Bh3 12. Qd3 Bxf1 13. Bxf1 e5 14. Nf3 e4
15. Qe2 exf3 16. Qxf3 Nxd4 17. Qd3 Bc5 18. a3 Nb5 19. Nxb5 axb5 20. Qxb5 Ne4
21. Be3 Bxe3 22. fxe3 Qf6 23. Qe2 Rac8 24. Bg2 Qxb2 25. Rf1 Rxc2 0-1

[Event "Open de la Loire 2010-2011"]
[Site "Loire"]
[Date "2010.12.18"]
[Round "4.8"]
[White "Mazet, Christian"]
[Black "Benakila, Samir"]
[Result "1/2-1/2"]
[WhiteElo "1570"]
[BlackElo "1499"]
[PlyCount "72"]
[EventDate "2010.??.??"]

1. d4 e6 2. e4 d5 3. Bd3 c5 4. c3 c4 5. Bc2 Nc6 6. e5 h5 7. f4 Nge7 8. Nd2 b5
9. Nf1 g6 10. Nf3 Bh6 11. Be3 Bd7 12. Ng5 Qa5 13. a3 Nf5 14. Bxf5 exf5 15. Nd2
Bxg5 16. fxg5 Qc7 17. h4 Na5 18. O-O Nc6 19. Bf4 Be6 20. Qe2 Qc8 21. Nf3 a5 22.
Rab1 a4 23. Ne1 Na5 24. Rd1 Nb3 25. Rb1 Qd7 26. Nc2 O-O 27. Nb4 Rfe8 28. Rfe1
Re7 29. Nc2 Rae8 30. Ne3 Qa7 31. Kh2 Qd7 32. Nf1 Qc7 33. Qf3 Kg7 34. Re2 Qd7
35. Ng3 Rh8 36. Nf1 Rh7 1/2-1/2

[Event "Open de la Loire 2010-2011"]
[Site "Loire"]
[Date "2010.12.18"]
[Round "4.9"]
[White "Allabrune, Guillaume"]
[Black "Boeuf, Jeremy"]
[Result "0-1"]
[WhiteElo "1460"]
[BlackElo "1180"]
[PlyCount "52"]
[EventDate "2010.??.??"]

1. e4 d5 2. exd5 Qxd5 3. Nc3 Qa5 4. Bc4 Bf5 5. Nf3 e6 6. Bb5+ c6 7. Be2 Nf6 8.
d3 Nbd7 9. Bd2 Qc7 10. d4 Bd6 11. Nh4 Bg6 12. g3 O-O-O 13. Qc1 h6 14. Nxg6 fxg6
15. Bf4 e5 16. dxe5 Bxe5 17. Bxe5 Qxe5 18. O-O h5 19. Bd3 h4 20. Bxg6 hxg3 21.
fxg3 Ng4 22. Qf4 Qc5+ 23. Rf2 Nxf2 24. Qxf2 Qxf2+ 25. Kxf2 Rxh2+ 26. Kf3 Ne5+
0-1